| 000 | 00490nam a2200181 a 4500 | ||
|---|---|---|---|
| 001 | 000033554 | ||
| 003 | OSt | ||
| 005 | 20210209131457.0 | ||
| 007 | ta | ||
| 008 | 110831s1888 dr 000 0 spa d | ||
| 040 |
_aDO-SdBNP _bspa _cBNPHU |
||
| 082 |
_axxx _bP387u |
||
| 100 | 1 |
_aPellerano, Arturo B. _959055 |
|
| 245 | 1 | 0 |
_aLa Ășltima cruzada : _bpoema / _cArturo B. Pellerano. |
| 260 |
_aSanto Domingo : _bImprenta Cuna de América, _c1888. |
||
| 300 |
_a24 p. ; _c23 cm. |
||
| 942 |
_2ddc _cLF2 |
||
| 999 |
_c33045 _d33045 |
||